| 000 | 00751nam a2200241Ia 4500 | ||
|---|---|---|---|
| 003 | GCL | ||
| 008 | 140319s9999 xx 000 0 ara d | ||
| 040 |
_aGCL / _cGCL |
||
| 082 | 0 | 4 |
_a811.9 _bر ش |
| 100 | 1 | _aامجد ناصر | |
| 245 | 1 | 0 |
_aايقاع الجثث / _cامجد ناصر |
| 700 | 1 | _aحلمى سالم | |
| 700 | 1 | _aخالد النجار | |
| 700 | 1 | _aقاسم حداد | |
| 700 | 1 | _aخالد المعالى | |
| 700 | 1 | _aعبداللطيف خطاب | |
| 260 |
_a[S.N] : _bرياض الريس للكتب والنشر ، _c1990 |
||
| 490 |
_aالسلسلة الشعرية الثانية _v0 |
||
| 650 | 0 | 4 | _aالشعر العربى |
| 650 | 0 | 4 | _aدواوين وقصائد |
| 650 | 0 | 4 | _aتاريخ ونقد |
| 942 |
_2ddc _cBK |
||
| 999 |
_c33707 _d33707 |
||